[Event "51st Belgrade WGM 2019"]
[Site "Belgrade"]
[Date "2019.03.24"]
[Round "8.5"]
[White "Benderac, Ana"]
[Black "Voiska, Margarita"]
[Result "1/2-1/2"]
[WhiteElo "2204"]
[BlackElo "2203"]
[Annotator "NA"]
[PlyCount "20"]
[EventDate "2019.03.17"]
[EventType "tourn"]
[EventCountry "SRB"]
[SourceTitle "playchess.com"]
[Source "ChessBase"]
[SourceQuality "1"]
[TimeControl "40/5400+30:1800+30"]

1. d4 {[%emt 0:00:00]} d5 {[%emt 0:00:00]} 2. Nf3 {[%emt 0:00:00]} Nf6 {[%emt 0:00:00]} 3. e3 {[%emt 0:00:00]} c5 {[%emt 0:00:00]} 4. Be2 {[%emt 0:00:00]} Nc6 {[%emt 0:00:00]} 5. O-O {[%emt 0:00:01]} e6 {[%emt 0:00:00]} 6. dxc5 {[%emt 0:00:34]} Bxc5 {[%emt 0:00:02]} 7. c4 {[%emt 0:00:03]} O-O {[%emt 0:00:04]} 8. Nc3 {[%emt 0:00:06]} dxc4 {[%emt 0:00:22]} 9. Bxc4 {[%emt 0:00:07]} Qxd1 {[%emt 0:00:18]} 10. Rxd1 {[%emt 0:00:06]} e5 {[%emt 0:00:04]} 1/2-1/2

[Event "51st Belgrade WGM 2019"]
[Site "Belgrade"]
[Date "2019.03.25"]
[Round "9.1"]
[White "Prudnikova, Svetlana"]
[Black "Dimitrova, Aleksandra"]
[Result "1/2-1/2"]
[WhiteElo "2233"]
[BlackElo "2259"]
[Annotator "TA"]
[PlyCount "38"]
[EventDate "2019.03.17"]
[EventType "tourn"]
[EventCountry "SRB"]
[SourceTitle "playchess.com"]
[Source "ChessBase"]
[SourceQuality "1"]

{[%evp 18,19,16,0]} 1. d4 Nf6 2. c4 e6 3. g3 d5 4. Bg2 Be7 5. Nf3 O-O 6. O-O dxc4 7. Qa4 b6 8. Qxc4 Bb7 9. Nc3 Nbd7 10. Rd1 {Predecessor:} c5 $146 11. dxc5 Bxc5 12. b4 Bxf2+ 13. Kxf2 Rc8 14. Qf4 Rxc3 15. Bb2 Rc7 16. Bxf6 gxf6 17. Rac1 Rxc1 18. Qxc1 Qc8 19. Qxc8 Bxc8 {½-½ (45) Bu,X (2710)-Bacrot,E (2715) Tbilisi 2017} 1/2-1/2

[Event "51st Belgrade WGM 2019"]
[Site "Belgrade"]
[Date "2019.03.25"]
[Round "9.2"]
[White "Srdanovic, Jovana"]
[Black "Chelushkina, Irina"]
[Result "1/2-1/2"]
[WhiteElo "2077"]
[BlackElo "2277"]
[Annotator "TA"]
[PlyCount "119"]
[EventDate "2019.03.17"]
[EventType "tourn"]
[EventCountry "SRB"]
[SourceTitle "playchess.com"]
[Source "ChessBase"]
[SourceQuality "1"]

{[%evp 16,119,89,73,89,39,82,81,90,68,75,69,62,60,70,55,70,54,77,77,77,49,85,83,85,85,85,85,85,85,93,100,90,91,101,89,92,94,101,86,99,86,100,89,93,0,115,0,106,73,97,101,79,40,55,48,147,142,156,153,144,143,138,156,179,181,151,138,325,364,333,338,372,372,366,361,438,270,464,454,424,244,218,139,149,61,131,0,138,106,112,0,172,49,80,50,131,121,117,0,0,0,73,0,0,0]} 1. d4 c5 2. d5 e5 3. c4 d6 4. e4 Be7 5. Nf3 Nd7 6. Nc3 Ngf6 7. Be2 O-O 8. O-O a6 9. a4 {LiveBook: 7 Games. A56: Czech Benoni} (9. a3 Ne8 10. b4 b6 11. Rb1 g6 12. Bh6 Ng7 13. Qd2 Nf6 14. Ne1 Kh8 15. Nd3 Ng8 16. Be3 f5 17. f3 {1-0 (49) So,W (2668)-Flores,D (2615) Khanty-Mansiysk 2010}) 9... h6 $146 ({Predecessor:} 9... Ne8 10. a5 g6 11. Bh6 Ng7 12. Qd2 Nf6 13. Ne1 Kh8 14. Nd3 Ng8 15. Be3 f5 16. f3 Nf6 {1-0 (76) Hulak,K (2562)-Atlas,V (2482) Austria 2007}) 10. Nh4 Ne8 11. Nf5 {White is better.} Bg5 12. g3 Bxc1 13. Qxc1 Ndf6 14. f3 Rb8 15. Bd3 Nh7 16. Qc2 Nef6 17. Rae1 {[%cal Ba1e1,Be1e2,Be2h2][%mdl 32]} Re8 18. h4 h5 19. Qd2 b6 20. Re2 Rb7 21. Kh1 Kh8 22. Rh2 Rf8 23. Rg1 g6 24. Ne3 Ne8 25. Qc2 Ng7 {[#]} 26. g4 $1 Qf6 27. Qf2 Bd7 28. b3 Qe7 29. Qc2 Qf6 30. Qf2 (30. Rf1 $16) 30... Qd8 (30... Qe7 $1 $11) 31. Qc2 (31. Qg3 $16) 31... Bc8 (31... Qf6 $1 $11 {remains equal.}) 32. Ne2 Qf6 33. Rf1 Bd7 34. g5 Qe7 35. f4 exf4 (35... f6 $14) 36. Nxf4 $16 b5 37. axb5 axb5 38. Rhf2 bxc4 39. Nxc4 {[%cal Be3c4,Bc4a5,Ba5c6][%mdl 32]} ({Don't play} 39. Qxc4 $6 Bb5 $11) ({Don't take} 39. bxc4 Rfb8 $14) 39... Bb5 40. Na5 $36 {[%mdl 2048] Keeping Black busy.} Bxd3 41. Qxd3 Rd7 $2 (41... Rb4 $16) 42. Nc6 $18 Qe8 43. Ng2 Kg8 44. Ne3 Rc7 45. Nc4 Qd7 46. Qg3 Rxc6 $2 (46... Ne8 {keeps fighting.} 47. Rg2 Rb7) 47. dxc6 Qxc6 48. Qd3 (48. Nxd6 $142 Rd8 49. Nxf7 Qxe4+ 50. Kg1) 48... Nf5 49. Rf4 Nd4 50. Kh2 ({White should play} 50. b4 $16) 50... Qc7 (50... Rb8 $14) 51. Kh1 Qc6 $1 52. Ne3 Qb7 53. Nc4 (53. Kg2 $16) 53... Qb8 $2 (53... Qc6 $1 $11 {and Black is okay.}) 54. Nd2 (54. R4f2 $18) 54... Qb7 55. Qc4 Qd7 {[#]} (55... Kg7 $14) 56. Kh2 $1 $16 Nc6 57. Qd5 {And now Nc4 would win.} Nb4 $1 {[%cal Rb4d5]} 58. Qc4 Nc6 $1 59. Qd5 (59. Qa6 $16) 59... Nb4 $1 $11 {[%cal Rb4d5]} 60. Qc4 {Precision: White = 42%, Black = 35%.} 1/2-1/2

[Event "51st Belgrade WGM 2019"]
[Site "Belgrade"]
[Date "2019.03.25"]
[Round "9.3"]
[White "Voiska, Margarita"]
[Black "Strutinskaia, Galina"]
[Result "1-0"]
[WhiteElo "2203"]
[BlackElo "2225"]
[Annotator "TA"]
[PlyCount "101"]
[EventDate "2019.03.17"]
[EventType "tourn"]
[EventCountry "SRB"]
[SourceTitle "playchess.com"]
[Source "ChessBase"]
[SourceQuality "1"]

{[%evp 11,101,2,8,-1,58,53,67,66,71,62,65,65,57,14,21,20,21,23,41,33,48,45,43,36,72,72,68,68,64,34,96,104,88,99,75,79,93,39,39,29,70,35,48,5,96,47,123,66,187,173,189,184,237,239,280,285,287,293,285,284,288,286,276,268,284,271,278,271,275,262,240,122,122,120,104,94,98,107,107,84,128,128,132,131,192,192,193,200,502,453,29998,29999]} 1. d4 d5 2. Nf3 e6 3. g3 b5 4. Bg2 Bb7 5. O-O Nf6 6. Bg5 {A46: 1 d4 Nf6 2 Nf3 e6: Torre, London and Colle Systems} Nbd7 {LiveBook: 18 Games} 7. Qd3 (7. e4 dxe4 8. Nfd2 h6 9. Bxf6 Nxf6 10. Qe2 a6 11. Nxe4 Bxe4 12. Bxe4 Nxe4 13. Qxe4 Qd5 {½-½ (62) Aronian,L (2784)-Dominguez Perez,L (2732) Skopje 2015}) 7... a5 $146 (7... a6 $11) ({Predecessor:} 7... a6 8. Nbd2 Bd6 9. a4 b4 10. c4 bxc3 11. bxc3 c5 12. c4 cxd4 13. Rab1 {½-½ (41) Lesovoi,E (2333)-Geshko,A (2071) Moscow 2017}) 8. Qxb5 $14 {White is slightly better.} Ba6 9. Qa4 Bxe2 10. Re1 Bxf3 11. Bxf3 Be7 12. Bxf6 gxf6 13. c4 c6 $1 14. Nd2 Rc8 15. Rac1 Bb4 16. Qc2 $36 {[%mdl 2048] White has some pressure.} O-O 17. a3 Bd6 18. Qa4 Bc7 19. Be2 f5 20. c5 Nb8 (20... f4 $14) 21. Nf3 Kh8 22. b4 axb4 23. axb4 Rg8 24. Ba6 ({White should play} 24. b5 $16) 24... Nxa6 25. Qxa6 Rg4 26. Rcd1 Qe8 27. Qb7 Bb8 (27... f4 $11 {remains equal.}) 28. Ra1 Rg7 ({Black should try} 28... f4 $14) 29. Ra8 ({Better is} 29. b5 $16) 29... f6 (29... f4 $14) 30. Qa6 $18 f4 {[#]} 31. b5 $1 {[%mdl 512]} Rg8 (31... Qg8 {was worth a try.}) (31... cxb5 32. Rxe6) 32. bxc6 fxg3 33. hxg3 Rxc6 34. Qb5 Rc8 35. Qxe8 Rgxe8 36. Ra6 e5 37. Rxf6 exd4 {intending ...Rxe1+.} 38. Rxe8+ Rxe8 {[%mdl 4096] Endgame KRB-KRN} 39. Rf5 Ba7 40. Rxd5 Rc8 {[#]} 41. Nxd4 (41. c6 $1 $18) 41... Bxc5 $16 42. Ne6 Bb4 43. Rd7 Re8 44. Nd4 Kg8 45. Nf5 Bc3 46. Kg2 Ra8 47. f4 Ra5 (47... Ra6 $16 {is a better defense.} 48. g4 h6) 48. Nh6+ $18 Kh8 {[#]} 49. g4 $1 {[%cal Bg3g4,Bg4g5][%mdl 32]} Bf6 $2 (49... Ra8 {is more resistant.} 50. g5 Bg7) 50. g5 Bc3 (50... Bxg5 $18 51. Nf7+ (51. fxg5 Rxg5+ 52. Kf3 Rg6 $11) 51... Kg7 52. Nxg5+ Kg6) 51. Rd8+ {Precision: White = 48%, Black = 30%.} 1-0

[Event "51st Belgrade WGM 2019"]
[Site "Belgrade"]
[Date "2019.03.25"]
[Round "9.4"]
[White "Benderac, Ana"]
[Black "Djukic, Sandra"]
[Result "1-0"]
[WhiteElo "2204"]
[BlackElo "2157"]
[Annotator "TA"]
[PlyCount "135"]
[EventDate "2019.03.17"]
[EventType "tourn"]
[EventCountry "SRB"]
[SourceTitle "playchess.com"]
[Source "ChessBase"]
[SourceQuality "1"]

{[%evp 9,135,-2,-4,-2,0,0,0,-2,0,-2,-2,-2,-2,-2,0,-6,-13,-14,-7,-12,0,0,0,-30,-27,-23,13,0,35,31,26,16,29,12,12,-165,-85,-164,-170,-172,-174,-221,-261,-270,-245,-313,-235,-289,-268,-331,-327,-314,-181,-183,-178,-201,-182,-342,-325,-413,-403,-388,-300,-258,0,0,0,0,0,0,13,33,44,14,27,27,22,43,217,0,102,18,140,35,101,107,111,147,327,317,505,495,678,655,775,728,920,1394,960,559,495,239,291,227,647,255,626,649,547,568,1112,984,1364,1343,29975,29976,29976,29977,29974,29978,29983,29984,29987,29988,29987,3610,29985,29985]} 1. d4 e6 2. Nf3 Nf6 3. e3 b6 4. Be2 Bb7 5. Nbd2 d5 6. O-O {A47: 1 d4 Nf6 2 Nf3 b6: Torre, London and Colle Systems} Bd6 7. b3 O-O 8. Bb2 {The position is equal.} c5 9. dxc5 bxc5 10. c4 Nbd7 11. Rc1 $146 ({Predecessor:} 11. Qc2 Qc7 12. h3 Rfe8 13. Rfd1 {0-1 (53) Parameswaran,T-Plaskett,H (2475) Brighton/ East Sussex 1984}) 11... Qe7 12. Rc2 a5 13. a4 Rfd8 14. Qa1 Ne8 15. Rd1 Nb8 16. cxd5 exd5 17. Bb5 Bc6 18. Nb1 (18. e4 {keeps more tension.} Bxb5 19. axb5 dxe4 20. Re1 f5 21. Nc4) 18... d4 {White must now prevent ...Bxf3.} (18... Qe6 {with more complications.} 19. Nc3 Bb7 20. Be2 Na6 21. Nb5 Nb4) 19. Bxc6 Nxc6 20. exd4 Nxd4 21. Nxd4 cxd4 22. Bxd4 $2 (22. Rc4 $11) 22... Be5 $1 $19 {[%cal Re5d4]} 23. Rcd2 (23. Kf1 $17 {was necessary.}) 23... Rxd4 $1 24. Rxd4 Rd8 $1 25. Rxd8 Bxa1 26. Kf1 g5 27. R8d5 {Threatening Re1.} Be5 28. Re1 f6 29. Red1 Nd6 (29... Bxh2 30. g3 $19) 30. Na3 Qb7 (30... Bxh2 31. Nc4 $19) (30... Qe6 $142 31. Kg1 Ne4 32. Rd8+ Kg7) 31. Nc4 Nf7 $1 (31... Bxh2 32. Nxd6 Bxd6 33. Rxd6 $11) 32. Nxa5 Qb4 $1 33. g3 $2 (33. h3) 33... Kg7 34. Rb5 Qe4 35. Nc4 Qf3 36. Rd7 Qh1+ $2 (36... Kg6 $1 $19 37. a5 Bc3) 37. Ke2 $11 Qe4+ (37... Kg6 $5 38. Rbb7 $8 g4 39. Rxf7 Qf3+ 40. Ke1 Qh1+ 41. Kd2 Qd5+ 42. Kc2 (42. Kc1 Qh1+ 43. Kc2 Qe4+ 44. Kd1 Qh1+ 45. Kd2 Qd5+ 46. Ke1 Qh1+ 47. Kd2 $11) 42... Qe4+ 43. Kd2 Qd5+ 44. Ke1 (44. Kc1 Qh1+ 45. Kc2 Qe4+ 46. Kd1 Qh1+ 47. Kd2 Qd5+ $11) 44... Bc3+ 45. Kf1 Qh1+ 46. Ke2 Qf3+ 47. Kf1 Bd4 48. Rg7+ Kf5 49. Rb5+ Ke6 50. Rb6+ (50. Ke1 $2 Qd3 $19) 50... Bxb6 51. Nxb6 Qxb3 $17) 38. Ne3 $1 {Hoping for Rbb7.} Kg6 {aiming for ...Nd6.} 39. Rbb7 $1 $36 {[%mdl 2048] White has good play.} Bd4 40. Rxf7 Bxe3 $1 41. Rg7+ Kf5 42. Rge7 Qc2+ $1 43. Kxe3 {[%mdl 4096] Endgame KQ-KRR} Qd1 $2 (43... h5 $1 $14) 44. f3 $2 (44. Rxh7 $18 {Threatens to win with f3.} Qe1+ 45. Kd3) 44... Qe1+ (44... h5 $1 $11) 45. Kd4 (45. Kd3 $1 $16 Qd1+ 46. Kc3) 45... Qd1+ (45... Qd2+ $1 $11 46. Kc4 Qxh2) 46. Kc4 (46. Kc3 $16) 46... Qc2+ $14 47. Kb4 Qd2+ {[#]} 48. Kb5 $1 {And now a5 would win.} Qd3+ $2 {[#]} (48... Qxh2 $16 49. g4+ Kf4) 49. Ka5 $1 $18 Qd8+ (49... h5 $142 50. b4 Qxf3) 50. Rec7 Qd2+ 51. b4 Qxh2 52. Rc5+ Kg6 53. g4 h5 54. gxh5+ Qxh5 55. f4 (55. Rb8 $142) 55... Qf3 56. f5+ Kh5 $2 (56... Kh6 57. Rb8 g4) 57. Rh7+ Kg4 {If only Black now had time for ...Qa8+....} 58. b5 {[%cal Bb4b5,Bb5b6,Bb6b7][%mdl 32]} Qa8+ 59. Kb4 Kg3 60. b6 g4 61. b7 Qa7 62. Kb5 Qb8 63. Re7 Qd8 64. Rec7 Qd3+ 65. Kb6 Qb3+ 66. Rb5 Qe3+ 67. Rcc5 (67. Ka6 $142 Qe8 68. Rc8 Qe2 69. b8=Q+ Kg2 70. Rc3 Kh1 71. Qf4 Kg2 72. Qg3+ Kf1 73. Rc1+ Qd1 74. Rb2 Qxc1 75. Qf2#) 67... Qe8 68. Rc8 {Accuracy: White = 49%, Black = 48%.} 1-0

[Event "51st Belgrade WGM 2019"]
[Site "Belgrade"]
[Date "2019.03.25"]
[Round "9.5"]
[White "Drljevic, Ljilja"]
[Black "Michelle Catherina, P."]
[Result "1-0"]
[WhiteElo "2188"]
[BlackElo "2175"]
[Annotator "TA"]
[PlyCount "63"]
[EventDate "2019.03.17"]
[EventType "tourn"]
[EventCountry "SRB"]
[SourceTitle "playchess.com"]
[Source "ChessBase"]
[SourceQuality "1"]

{[%evp 9,63,0,0,-29,0,0,0,0,11,0,19,0,0,10,8,10,28,-26,23,-22,0,0,0,0,0,0,0,0,0,0,32,0,0,0,0,0,73,43,54,47,124,127,136,132,134,140,129,108,1290,1228,1311,1196,29990,29991,29992,29993]} 1. g3 d5 2. Bg2 g6 3. Nf3 Bg7 4. O-O e5 5. d3 Ne7 6. Nc3 {A07: Réti Opening: New York and Capablanca Systems} d4 7. Ne4 O-O $146 ({Predecessor:} 7... f5 8. Ned2 c5 9. c3 Be6 10. Nb3 Qb6 11. cxd4 exd4 12. e3 O-O 13. exd4 cxd4 {1-0 (23) Edouard,R (2647)-Jolly,J (2361) Agen 2016}) 8. c3 {The position is equal.} Nbc6 9. cxd4 exd4 10. Bd2 a5 11. Qc1 b6 12. Bh6 Be6 13. h4 (13. Bxg7 $142 Kxg7 14. Neg5) 13... a4 14. h5 Ra5 15. Bxg7 Kxg7 16. h6+ Kh8 17. Neg5 Bd5 18. b4 $40 {[%mdl 128] White has some attack.} axb3 ({Don't play} 18... Nxb4 19. Qb2 $17) 19. axb3 f6 (19... Rb5 {is more complex.} 20. Ra3 Nf5 21. Ne4 Qe7 22. Ra2 Nb4) 20. Ne4 Rxa1 21. Qxa1 Nf5 22. Rc1 Na5 (22... Qe7 $11 {keeps the balance.}) 23. Ned2 Bxb3 24. Qa3 Bg8 (24... Bd5 $1 $14) 25. Rxc7 $1 $16 Re8 26. Qc1 Nxh6 27. Bh3 Nf5 28. Ne4 {aiming for Bxf5.} Nd6 $2 {[%mdl 8192]} (28... Bd5 $16) 29. Rd7 $18 {[%mdl 64] [#] Double Attack} Nb3 30. Qc6 Qc8 31. Qxd6 {[%cal Rd6f6]} Qc1+ 32. Kg2 {Accuracy: White = 71%, Black = 47%.} 1-0